| 000 | 00742 a2200229 4500 | ||
|---|---|---|---|
| 003 | OSt | ||
| 005 | 20230425093336.0 | ||
| 008 | 220811s2017 sp a||||r|||| 00| 0 spa d | ||
| 020 | _a9788417224875 | ||
| 040 | _cCHAP | ||
| 082 | 0 | 0 |
_a635.967 _b F61 2017 _222 |
| 100 | 1 |
_9186691 _aFlethes Bernal, Ana María |
|
| 245 | 1 | 0 |
_aMantenimiento y mejora de elementos no vegetales / _cpor Ana María Flethes Bernal. |
| 250 | _aSegunda edición. | ||
| 264 | 1 |
_aAntequera, Málaga : _bIC Editorial, _c2017. |
|
| 300 |
_a151 páginas. _bilustraciones. |
||
| 504 | _aIncluye bibliografía. | ||
| 650 | 4 |
_9186578 _aJardines _xMantenimiento |
|
| 650 | 4 |
_9186698 _aJardines _xDiseño |
|
| 650 | 4 |
_9186706 _aZonas verdes _xMantenimiento |
|
| 942 |
_2ddc _cLIBRO |
||
| 999 |
_c217494 _d217494 |
||